000 00714nam a2200181Ia 4500
003 GCL
008 140319s9999 xx 000 0 ara d
040 _aGCL /
_cGCL
082 0 4 _aم
_b013.21
_bا م
100 1 _aالمقدسى : جمال الدين يوسف بن حسن بن عبدالهادى الصالحى الحنبلى
245 1 0 _aمعجم الكتب /
_cالمقدسى : جمال الدين يوسف بن حسن بن عبدالهادى الصالحى الحنبلى
700 1 _aعبدالله بن داود الزبيرى
700 1 _aيسرى عبدالغنى البشرى
260 _a[S.N] :
_bمكتبة الساعى
650 0 4 _aالاسلام
650 0 4 _aالكتب
942 _2ddc
_cREF
999 _c59405
_d59405